Vista normal Vista MARC

Entrada Materia (reunión)

Número de registros utilizados en: 1

001 - CONTROL NUMBER

  • control field: 159642

003 - CONTROL NUMBER IDENTIFIER

  • control field: Co-BoUCM

005 - DATE AND TIME OF LATEST TRANSACTION

  • control field: 20211110133236.0

008 - FIXED-LENGTH DATA ELEMENTS

  • fixed length control field: 211110|| aca||aabn | a|a d

040 ## - CATALOGING SOURCE

  • Original cataloging agency: Co-BoUCM
  • Transcribing agency: Co-BoUCM

111 ## - HEADING--MEETING NAME

  • Meeting name or jurisdiction name as entry element: Congreso sobre pacto global y responsabilidad social memorias
  • Number of part/section/meeting: (1o
  • Date of meeting: 2011 oct. 18-19
  • Location of meeting: Bogotá)

670 ## - SOURCE DATA FOUND

  • Source citation: Work cat.: (Co-BoUCM)38225: Congreso sobre pacto global y responsabilidad social memorias (1o 2011 oct. 18-19 Bogotá), Diálogo entre empresa, academia y sector público por una sociedad responsable y sostenible, 2011